Pretrvávajúce problémy v Psychiatrickej liečebni Plešivec

Bibliographic Details
Main Author: Hlaváčová, Marta (Author)
Format: Article
Language:Slovak
Subjects:

MARC

LEADER 00000nab a2200000 a 4500
001 vtls001003191
003 SK-MaSNL
005 20260304183229.0
008 040720e19971007xo 0 slo
035 |a RV3791 
040 |a RVGKPD  |b slo  |c RVGKPD  |e AACR2 
041 0 |a slo 
044 |a xo  |c SK 
080 |a 616.89  |2 1981 
100 1 |a Hlaváčová, Marta  |4 aut  |9 815593 
245 1 0 |a Pretrvávajúce problémy v Psychiatrickej liečebni Plešivec 
500 |a informácie 
610 2 7 |a Psychiatrická liečebňa (Plešivec, Slovensko)  |2 RVGKPD  |9 58673 
651 7 |a Plešivec (Slovensko)  |2 RVGKPD  |9 29311 
773 0 8 |t Zora Gemera  |g Roč. 5, č. 40, 7.10.1997, s. 3 
852 |a ZVYKNI  |b KIS3GCP 
999 |c 3033913  |d 3035843